Statistiken für Länderumrisse auf einer Weltkarte #1

Klicken Sie hier um das Quiz zu spielen!

Allgemein

  • Dieses Quiz wurde 4,709 mal gespielt
  • Das Durchschnittsergebnis liegt bei 18 aus 20

Antwortstatistiken

Land % Korrekt
Mexiko
99%
Schweiz
99%
Schweden
99%
Polen
99%
Mongolei
97%
Neuseeland
96%
Rumänien
95%
Uruguay
94%
Venezuela
93%
Kuba
93%
Paraguay
93%
Thailand
92%
Oman
91%
Afghanistan
88%
Papua-Neuguinea
88%
Äthiopien
84%
Tschad
83%
Angola
82%
Aserbaidschan
82%
Mauretanien
80%

Verteilung der Resultate

Perzentil nach korrekt beantworteten Fragen

Anzahl Personen mit jedem Resultat

Ihre Resultats-Entwicklung

Sie haben dieses Quiz noch nicht gespielt